000 00263nam a2200109Ia 4500
008 200302s9999 xx 000 0 und d
100 _aRudolf Finsterwalder ed.
245 _aForm follows nature
260 _bBirkhauser Verlag Gmbh
260 _c2015
300 _a501
999 _c6237
_d6237